Compliance Trabalhista Ampliada e atualizada /

Detalles Bibliográficos
Autor principal: Carloto, Selma
Formato: eBook
Lenguaje:portugués
Publicado: San Pablo: LTR, 2020
Edición:2da. edicin̤
Materias:
Acceso en línea:Acceso restringido

MARC

LEADER 00000nam a22000007a 4500
005 20220411221634.0
007 cr|||| ||||
008 220411s2020 br |||||s|||| 00||0 por d
020 |a 978-85-301-0192-3 
035 |a 36076 
040 |a vLex 
090 |c 13156  |d 13156 
100 1 |a Carloto, Selma 
245 1 0 |a Compliance Trabalhista  |h [Recurso electrn̤ico] :  |b Ampliada e atualizada /  |c Selma Carloto 
250 |a 2da. edicin̤ 
256 |a Servicio en ln̕ea 
260 |a San Pablo:  |b LTR,  |c 2020 
300 |a 1 recurso electrn̤ico 
500 |a O compliance trabalhista ̌uma cultura que deve partir da alta administraȯ̂, ̌uma meta empresarial, ̌sinn̥imo de investimento. As empresas devem estar em compliance, se adequando s̉ leis, regulamentos e princp̕ios, para evitar sanė̳s como multas e altas condenaė̳s no judicir̀io. Boa reputaȯ̂ ̌o maior ativo que uma empresa pode ter. Por meio de vr̀ias ferramentas de compliance trabalhista o leitor aprender ̀como reduzir e evitar passivos trabalhistas dentro das empresas e ao mesmo tempo tutelar os direitos humanos dos trabalhadores. As ferramentas consistem, entre outras, em canais de denn︢cia, regulamentos internos, cd̤igos de ťica e conduta, treinamentos e palestras, polt̕icas de advertn̊cias, relatr̤ios e avaliaė̳s de desempenho. 
506 1 |a Disponible solo en los productos indicados  |d vLex Global  |d vLex Global (Academic Edition, excluding Law Schools)  |d vLex Global (U.S. Academic Edition, Law Schools)  |d vLex Global (U.S. Academic Edition, excluding Law Schools)  |d vLex Global (Academic Edition, Law Schools) 
650 0 4 |a Derecho Laboral y Seguridad Social  |z Brasil 
740 0 |a vLex Libros (Servicio en ln̕ea) 
856 4 0 |u https://app.vlex.com/#/sources/36076  |z Acceso restringido 
942 |c BOOK 
999 0 |a Labor law and social security